|
|
|
|
| LEADER |
00000nam0a2200000 4500 |
| 001 |
355118 |
| 005 |
20231102010748.0 |
| 035 |
|
|
|a (RuTPU)RU\TPU\retro\12377
|
| 090 |
|
|
|a 355118
|
| 100 |
|
|
|a 20200702d1944 k y0rusy50 ca
|
| 101 |
0 |
|
|a rus
|
| 102 |
|
|
|a RU
|
| 105 |
|
|
|a a z 000zy
|
| 200 |
1 |
|
|a О новой методике исследования работы котельных установок
|e [оттиск статьи]
|f В. Н. Смиренский
|
| 210 |
|
|
|a Томск
|d 1944
|
| 215 |
|
|
|a С. 286-301
|c ил.
|
| 225 |
1 |
|
|a Известия Томского Политехнического Института
|v Т. 63
|
| 606 |
1 |
|
|a Котельные установки
|x Топливо
|2 stltpush
|3 (RuTPU)RU\TPU\subj\16014
|9 42209
|
| 610 |
1 |
|
|a коллекция ТПУ
|
| 610 |
1 |
|
|a труды учёных ТПУ
|
| 610 |
1 |
|
|a оттиски
|
| 610 |
1 |
|
|a экономия
|
| 610 |
1 |
|
|a перерасход
|
| 610 |
1 |
|
|a теплотехнические измерения
|
| 610 |
1 |
|
|a методы испытания
|
| 610 |
1 |
|
|a объем газа
|
| 610 |
1 |
|
|a водяные пары
|
| 610 |
1 |
|
|a воздух
|
| 610 |
1 |
|
|a газоходы
|
| 610 |
1 |
|
|a водород
|
| 610 |
1 |
|
|a сгорание
|
| 610 |
1 |
|
|a влага
|
| 610 |
1 |
|
|a баланс
|
| 610 |
1 |
|
|a расчеты
|
| 675 |
|
|
|a 621.182.2-6
|v 4
|
| 700 |
|
1 |
|a Смиренский
|b В. Н.
|c выпускник МФ СТИ 1929 г.
|c преподаватель СТИ
|f 1901-?
|g Виктор Николаевич
|2 stltpush
|3 (RuTPU)RU\TPU\pers\23423
|9 10199
|
| 801 |
|
1 |
|a RU
|b 63413507
|c 20200702
|
| 942 |
|
|
|c BK
|